000 00351 a2200157 4500
001 75790
020 _a8516031462
040 _cAnchieta - Colégio São Paulo
100 _aCosta, Wagner
240 1 0 _aO segredo da amizade
_lpor
245 1 0 _aO segredo da amizade
300 _a47
362 0 _a2007
650 4 _aLiteratura infantil
942 _cBK
999 _c75790
_d75790